|
|
|
|
| LEADER |
00598cam a2200193 a 4500 |
| 001 |
0000058173 |
| 005 |
19980524090000.0 |
| 040 |
|
|
|a mod
|
| 041 |
|
|
|a eng
|
| 020 |
0 |
0 |
|a 423461605
|
| 090 |
0 |
0 |
|a 800
|b NOT
|
| 245 |
1 |
0 |
|a Notes of Richard Hughes's. a high wind in Jamaica
|
| 260 |
0 |
0 |
|a London
|b Methuen
|c 1971
|
| 300 |
0 |
0 |
|a 43p.
|c 22cm
|
| 440 |
0 |
0 |
|a Methuen's Study Aids
|
| 504 |
0 |
0 |
|a Notes on Richard Huges's HIgh wid in Jamaica
|
| 600 |
0 |
0 |
|a Hughes
|h Richard
|y 1900- . A high wind in Jamaica
|x Examinations
|x Study guides
|
| 852 |
0 |
0 |
|a 01
|
| 999 |
|
|
|a 0048834
|b KEMENTAH
|d BOOKS
|e Rujukan
|f Perpustakaan KEMENTAH
|j AVAILABLE
|q OLD
|